| 000 | 00376nam a22001337a 4500 | ||
|---|---|---|---|
| 082 |
_a347.072 _bCHA |
||
| 100 |
_aChaudhry, Nasim Sabir _985416 |
||
| 245 |
_aThe Art of Pleading and Conveyancing (Urdu & English) / _cNasim Sabir Chaudhry |
||
| 260 |
_aLahore : _bImran Law Book House, _c2023. |
||
| 300 | _a947 p. | ||
| 563 | _aHB. | ||
| 650 |
_aLaw _935302 |
||
| 942 |
_2ddc _cBK |
||
| 999 |
_c613413 _d613413 |
||